000 00425nam a2200181Ia 4500
001 20999
005 20260306172847.0
008 260306t2010||||xx |||||||||||||| ||spa||
041 _aESP
082 _a343.83
_bR31
100 _aReaño Azpilcueta, Rafael
_eAUT
245 0 _aTributación aduanera
260 _c2010
300 _a371 páginas :
_c20 cm.
650 _aGEN
654 _aCCO
942 _cLIB
_dJUS
_fJUS
_2ddc
_n
999 _c20999
_d20999